Informačný systém ÚIAM
Enregistré dans:
| Auteur principal: | |
|---|---|
| Autres auteurs: | |
| Format: | Manuscrit Livre |
| Langue: | slovaque |
| Publié: |
2016
|
| Sujets: | |
| Accès en ligne: | http://is.stuba.sk/zp/portal_zp.pl?podrobnosti=120712 |
| Tags: |
Pas de tags, Soyez le premier à ajouter un tag!
|
MARC
| LEADER | 00000ntm a22000003a 4500 | ||
|---|---|---|---|
| 001 | stuzp58001 | ||
| 003 | SK-STU | ||
| 005 | 20160719155432.1 | ||
| 007 | ta | ||
| 008 | 150427s2015----xo-----f-mn---000-0-slo-d | ||
| 040 | |a STU |b slo | ||
| 041 | 0 | |a slo | |
| 100 | 1 | |a Krippel, Martin |u 047000 |4 aut |U FCHPT Fakulta chemickej a potravinárskej technológie |T FCHPT Ústav informatizácie, automatizácie a matematiky |X 44230 |U C7000 |Y 105 |7 44230 | |
| 242 | 0 | 1 | |a Information system IIEAM |y eng |
| 245 | 1 | 0 | |a Informačný systém ÚIAM |
| 260 | |c 2016 | ||
| 650 | 4 | |a informačný systém |2 slo | |
| 650 | 4 | |a webová aplikácia |2 slo | |
| 650 | 4 | |a parsovanie údajov |2 slo | |
| 650 | 4 | |a databáza |2 slo | |
| 650 | 4 | |a parsing |2 eng | |
| 650 | 4 | |a information system |2 eng | |
| 650 | 4 | |a database |2 eng | |
| 650 | 4 | |a web application |2 eng | |
| 700 | 1 | |a Čirka, Ľuboš |u 047220 |k Z1 |4 ths |U FCHPT Ústav informatizácie, automatizácie a matematiky |T FCHPT Oddelenie informatizácie a riadenia procesov |X 101 |U C7220 |Y 121 |7 A000000101 | |
| 856 | 4 | |u http://is.stuba.sk/zp/portal_zp.pl?podrobnosti=120712 | |
| SQL | |a stuzp58001 |b DDP |c SLO |d Informačný systém ÚIAM |e 44230 |f Krippel, Martin |g 047000 |h 101 |i Čirka, Ľuboš |j 20160606 |k 113 |l 04 |m http://is.stuba.sk/zp/portal_zp.pl?podrobnosti=120712 |n I-AICHP |o 5.2.14. automatizácia | ||